Zapatillas - El Canto del Loco - Estadísticas

Estadísticas generales
  • Esta prueba ha sido intentada 397 veces
  • La puntuación promedio es 284 de 341
Estadísticas de respuestas
Hint Respuesta % Correcto
a
98%
de
98%
De
98%
no
98%
que
98%
y
98%
Y
98%
En
97%
en
97%
mi
97%
al
96%
cansado
96%
Verso 1 | Verso 2 Estoy
96%
la
96%
"si
96%
misma
95%
Estribillo Quiero
95%
quiero
95%
siempre
95%
garito
94%
gente
94%
pasar
94%
pasar"
94%
zapatillas
94%
entrar
93%
me
93%
Me
93%
miren
93%
tu
93%
ver
93%
ver,
93%
con
92%
mal
92%
mismo
92%
mismo,
92%
lo
91%
salir
89%
historia,
88%
historia
88%
luego
88%
noche
88%
se
88%
un
88%
invente,
87%
reinvente
87%
el
86%
cambiar
85%
está
84%
normalidad
84%
poquito
84%
cuente
82%
sitio
82%
sitio"
82%
tontería
82%
casa,
81%
tanta
81%
flipando
79%
ha
79%
sofá
77%
caliente
76%
da
76%
Te
75%
puedo
74%
pena
73%
vente,
73%
puedes
72%
dime
71%
digan
70%
estás
70%
lista
70%
Pero,
69%
veo
69%
del
67%
aparcar"
66%
arriba
66%
guay
66%
abajo
65%
como
65%
harto
65%
mega
65%
música
65%
delincuente
64%
super
64%
nunca
63%
"Tronco
63%
Vamos
63%
coche
61%
mírame
61%
Tenemos
61%
verás
61%
indiferente
60%
muy
60%
puta
60%
municipal
59%
todos,
59%
esa
58%
grúa
58%
ni
58%
pongan
58%
zona
58%
cuatro
57%
Solo
57%
entran
56%
llevado
56%
una
55%
aunque
53%
han
53%
nos
52%
receta
51%
recuerdo
51%
ahora
50%
entres
50%
hora
50%
puesto
50%
habrán
49%
multado
49%
ticket
49%
cuando
48%
Alucinando
46%
has
45%
Amaestrados
44%
esperar
44%
Intoxicado
44%
ponerlo
44%
toca
44%
vuelvas
44%
aforo
42%
limitado
42%
Hay
41%
Puente Ya
40%
aparcado
39%
Apoltronado
37%
busca
35%
Abarrotado
33%
No se encontraron pruebas coincidentes
Distribución de puntuación
Porcentaje de gente con cada puntuación
Porcentaje por número respondido
Historial de tus puntuaciones
No has intentado esta prueba.